<?xml version="1.0" encoding="UTF-8"?>
<record
    xmlns:xsi="http://www.w3.org/2001/XMLSchema-instance"
    xsi:schemaLocation="http://www.loc.gov/MARC21/slim http://www.loc.gov/standards/marcxml/schema/MARC21slim.xsd"
    xmlns="http://www.loc.gov/MARC21/slim">

  <leader>00372nam a2200145Ia 4500</leader>
  <controlfield tag="008">230411s9999    xx            000 0 und d</controlfield>
  <datafield tag="020" ind1=" " ind2=" ">
    <subfield code="a">978-93-5270-118-6</subfield>
  </datafield>
  <datafield tag="041" ind1=" " ind2=" ">
    <subfield code="a">eng</subfield>
  </datafield>
  <datafield tag="082" ind1=" " ind2=" ">
    <subfield code="a">P/618.9/DAT/B09352</subfield>
  </datafield>
  <datafield tag="100" ind1=" " ind2=" ">
    <subfield code="a">Datta Parul</subfield>
    <subfield code="9">177972</subfield>
  </datafield>
  <datafield tag="245" ind1=" " ind2=" ">
    <subfield code="a">Pediatric Nursing</subfield>
  </datafield>
  <datafield tag="260" ind1=" " ind2=" ">
    <subfield code="b">Jaypee Brothers</subfield>
    <subfield code="a">New Delhi</subfield>
    <subfield code="c">2007</subfield>
  </datafield>
  <datafield tag="300" ind1=" " ind2=" ">
    <subfield code="a">498p</subfield>
  </datafield>
  <datafield tag="999" ind1=" " ind2=" ">
    <subfield code="c">158515</subfield>
    <subfield code="d">158515</subfield>
  </datafield>
  <datafield tag="952" ind1=" " ind2=" ">
    <subfield code="0">0</subfield>
    <subfield code="1">0</subfield>
    <subfield code="4">0</subfield>
    <subfield code="7">0</subfield>
    <subfield code="8">P</subfield>
    <subfield code="a">BTIN</subfield>
    <subfield code="b">BTIN</subfield>
    <subfield code="d">2020-09-10</subfield>
    <subfield code="e">S.K.Kothari,Pune.</subfield>
    <subfield code="g">650.00</subfield>
    <subfield code="i">1025</subfield>
    <subfield code="j">2</subfield>
    <subfield code="l">38</subfield>
    <subfield code="m">28</subfield>
    <subfield code="o">P 618.9 DAT B09352</subfield>
    <subfield code="p">BTIN-BK-9352</subfield>
    <subfield code="r">2026-04-01 12:29:43</subfield>
    <subfield code="s">2026-01-27</subfield>
    <subfield code="v">419.25</subfield>
    <subfield code="w">2007-02-22</subfield>
    <subfield code="y">BK</subfield>
    <subfield code="z">B09352</subfield>
  </datafield>
  <datafield tag="952" ind1=" " ind2=" ">
    <subfield code="0">0</subfield>
    <subfield code="1">0</subfield>
    <subfield code="4">0</subfield>
    <subfield code="7">0</subfield>
    <subfield code="8">P</subfield>
    <subfield code="a">BTIN</subfield>
    <subfield code="b">BTIN</subfield>
    <subfield code="d">2020-09-10</subfield>
    <subfield code="e">S.K.Kothari,Pune.</subfield>
    <subfield code="g">650.00</subfield>
    <subfield code="i">1025</subfield>
    <subfield code="j">2</subfield>
    <subfield code="l">37</subfield>
    <subfield code="m">14</subfield>
    <subfield code="o">P 618.9 DAT B09353</subfield>
    <subfield code="p">BTIN-BK-9353</subfield>
    <subfield code="r">2025-12-03 17:23:08</subfield>
    <subfield code="s">2025-11-15</subfield>
    <subfield code="v">419.25</subfield>
    <subfield code="w">2007-02-22</subfield>
    <subfield code="y">BK</subfield>
    <subfield code="z">B09353</subfield>
  </datafield>
  <datafield tag="952" ind1=" " ind2=" ">
    <subfield code="0">0</subfield>
    <subfield code="1">0</subfield>
    <subfield code="4">0</subfield>
    <subfield code="7">0</subfield>
    <subfield code="8">P</subfield>
    <subfield code="a">BTIN</subfield>
    <subfield code="b">BTIN</subfield>
    <subfield code="d">2022-03-30</subfield>
    <subfield code="e">Varad Enterprises</subfield>
    <subfield code="g">750.00</subfield>
    <subfield code="i">1025</subfield>
    <subfield code="l">35</subfield>
    <subfield code="m">25</subfield>
    <subfield code="o">P 618.9 DAT B09781</subfield>
    <subfield code="p">BTIN-BK-9781</subfield>
    <subfield code="r">2026-05-08 10:45:31</subfield>
    <subfield code="s">2026-01-08</subfield>
    <subfield code="v">502.50</subfield>
    <subfield code="w">2007-02-22</subfield>
    <subfield code="y">BK</subfield>
    <subfield code="z">B09781</subfield>
  </datafield>
  <datafield tag="952" ind1=" " ind2=" ">
    <subfield code="0">0</subfield>
    <subfield code="1">0</subfield>
    <subfield code="4">0</subfield>
    <subfield code="7">0</subfield>
    <subfield code="8">P</subfield>
    <subfield code="a">BTIN</subfield>
    <subfield code="b">BTIN</subfield>
    <subfield code="d">2022-03-30</subfield>
    <subfield code="e">Varad Enterprises</subfield>
    <subfield code="g">750.00</subfield>
    <subfield code="i">1025</subfield>
    <subfield code="l">38</subfield>
    <subfield code="m">22</subfield>
    <subfield code="o">P 618.9 DAT B09782</subfield>
    <subfield code="p">BTIN-BK-9782</subfield>
    <subfield code="r">2026-01-31 08:54:38</subfield>
    <subfield code="s">2026-01-27</subfield>
    <subfield code="v">502.50</subfield>
    <subfield code="w">2007-02-22</subfield>
    <subfield code="y">BK</subfield>
    <subfield code="z">B09782</subfield>
  </datafield>
</record>
